Indian economy since independence : (Record no. 92891)

MARC details
000 -LEADER
fixed length control field 00682nam a22002057a 4500
005 - DATE AND TIME OF LATEST TRANSACTION
control field 20150511124756.0
010 ## - LCCN (DPL NO)
LC control number ENG-112644
020 ## - INTERNATIONAL STANDARD BOOK NUMBER
Terms of availability 799.00
International Standard Book Number 9788170949060
020 ## - INTERNATIONAL STANDARD BOOK NUMBER
Terms of availability 799.00
International Standard Book Number 8170949068
035 ## - SYSTEM CONTROL NUMBER
System control number EN-96176
037 ## - SOURCE OF ACQUISITION
Source of stock number/acquisition DBAD/PUB
082 ## - DEWEY DECIMAL CLASSIFICATION NUMBER
Classification number 330.954
100 ## - MAIN ENTRY--PERSONAL NAME
Personal name Arun Kumar
245 00 - TITLE STATEMENT
Title Indian economy since independence :
Statement of responsibility, etc by Arun Kumar
Remainder of title persisting colonial disruption /
260 ## - PUBLICATION, DISTRIBUTION, ETC. (IMPRINT)
Place of publication, distribution, etc New Delhi
Name of publisher, distributor, etc Vision Books
Date of publication, distribution, etc 2015
270 ## - ADDRESS
Address 24 Feroze Gandhi Road, Lajpat Nagar 3
City New Delhi
Postal code 110024
300 ## - PHYSICAL DESCRIPTION
Extent xxiv,792p.
Dimensions 23cm(pbk)
500 ## - GENERAL NOTE
General note Includes bibliographical references (pages 742-760) and index.
942 ## - ADDED ENTRY ELEMENTS (KOHA)
Source of classification or shelving scheme Dewey Decimal Classification
Item type English Books
Call number suffix ARU
Classification part 330.954
Holdings
Withdrawn status Lost status Not for loan Collection code Home library Current library Date acquired Source of acquisition Cost, normal purchase price Full call number Barcode Copy number Cost, replacement price Koha item type
    Not For Loan Non-fiction D.B.Act.Division D.B.Act.Division 10/04/2015 DBAD/Pub. 799.00 330.954 ARU EN-96176 1 799.00 English Books

© Delhi Public Library
Hit Counter
free hit counter